[Event "Women's Speed Chess Q3"]
[Site "chess.com INT"]
[Date "2021.05.30"]
[Round "1"]
[White "Dworakowska, Joanna"]
[Black "Assaubayeva, Bibisara"]
[Result "0-1"]
[WhiteTitle "IM"]
[BlackTitle "IM"]
[WhiteElo "2322"]
[BlackElo "2381"]
[WhiteFideId "1107445"]
[BlackFideId "13708694"]
[EventDate "2021.05.30"]

1. e4 c5 2. Nf3 d6 3. d4 cxd4 4. Nxd4 Nf6 5. Nc3 a6 6. g3 e5 7. Nb3 Be7 8. Bg2
O-O 9. O-O Nc6 10. Bg5 Be6 11. Bxf6 Bxf6 12. Nd5 Bxd5 13. exd5 Nb8 14. Kh1 Nd7
15. c3 Rc8 16. f4 exf4 17. Rxf4 Be5 18. Rf2 Rc4 19. Qd2 Re8 20. Raf1 Nf6 21. Rf5
Qd7 22. Na5 Ra4 23. b4 Ra3 24. R5f3 Rc8 25. Rc1 Qa4 26. Qb2 Rxa2 27. Qb1 Ra3 28.
Nxb7 Raxc3 29. Rfxc3 Rxc3 30. Nxd6 Rxc1+ 31. Qxc1 Bxd6 32. Qc8+ Qe8 33. Qc1 Bxb4
34. Qd1 Qe1+ 35. Qxe1 Bxe1 36. d6 Bb4 37. d7 Nxd7 38. Bf1 a5 39. Kg2 f6 40. Bb5
Nc5 41. Kf3 Kf8 42. Ke3 Ke7 43. Kd4 Kd6 44. Bc4 Ne6+ 45. Kd3 Ke5 46. Bb3 Nc5+
47. Kc4 Nxb3 48. Kxb3 Kd4 49. Ka4 Ke3 50. h4 Kf3 51. h5 Kxg3 52. h6 gxh6 53. Kb3
h5 0-1

[Event "Women's Speed Chess Q3"]
[Site "chess.com INT"]
[Date "2021.05.30"]
[Round "1"]
[White "Zakirova, Aisha"]
[Black "Eswaran, Ashritha"]
[Result "0-1"]
[WhiteTitle "WCM"]
[BlackTitle "WIM"]
[WhiteElo "1585"]
[BlackElo "2244"]
[WhiteFideId "13719734"]
[BlackFideId "2080788"]
[EventDate "2021.05.30"]

1. d4 Nf6 2. c4 e6 3. Nf3 d5 4. Nc3 Be7 5. Bg5 O-O 6. e3 b6 7. cxd5 exd5 8. Bd3
Bb7 9. O-O h6 10. Bf4 a6 11. Qc2 Nbd7 12. Rac1 Rc8 13. Rfd1 c5 14. dxc5 Nxc5 15.
Bf5 Ra8 16. b4 Ne6 17. Bxe6 fxe6 18. Qg6 Qe8 19. Ne5 Bxb4 20. Ne2 Qxg6 21. Nxg6
Rfc8 22. Be5 Ne4 23. Nd4 Kf7 24. Nf4 Rxc1 25. Rxc1 Rc8 26. Rb1 a5 27. f3 Nc3 28.
Ra1 Re8 29. Nfxe6 Rxe6 30. Nxe6 Kxe6 31. Bd4 b5 32. a3 Ne2+ 33. Kf2 Nxd4 34.
axb4 Nb3 35. Rb1 a4 36. e4 d4 37. Ke2 Kd6 38. Kd3 Bc8 39. f4 Be6 40. f5 Bc4+ 41.
Kc2 Ke5 42. g4 Kxe4 43. h4 d3+ 44. Kd1 d2 45. g5 Kxf5 46. gxh6 gxh6 47. h5 Ke4
48. Rb2 a3 49. Ra2 Kd3 50. Rxa3 Kc3 51. Ra8 Bd3 52. Rh8 Bc2+ 53. Ke2 d1=Q+ 0-1

[Event "Women's Speed Chess Q3"]
[Site "chess.com INT"]
[Date "2021.05.30"]
[Round "1"]
[White "Cyfka, Karina"]
[Black "Agrest, Inna"]
[Result "1-0"]
[WhiteTitle "IM"]
[BlackTitle "WIM"]
[WhiteElo "2415"]
[BlackElo "2285"]
[WhiteFideId "1122681"]
[BlackFideId "1708830"]
[EventDate "2021.05.30"]

1. d4 Nf6 2. c4 g6 3. Nc3 Bg7 4. e4 d6 5. Bd3 O-O 6. Nge2 Nbd7 7. f3 c5 8. d5 a6
9. a4 b6 10. g4 Ne5 11. Ng3 Rb8 12. Bf4 Nfd7 13. h4 Nxd3+ 14. Qxd3 Ne5 15. Qe2
b5 16. axb5 axb5 17. Nxb5 Bd7 18. Nc3 Rxb2 19. Qe3 Nxc4 20. Qc1 Qb6 21. O-O Qb4
22. Nce2 Rb8 23. h5 Rb3 24. hxg6 hxg6 25. Kg2 Bxa1 26. Qxa1 Rb2 27. Rh1 Ne5 28.
Bxe5 dxe5 29. Qa7 Be8 30. Qxe7 Qb6 31. Qxe5 f6 32. Qe7 Qd8 33. Qh7+ Kf8 34. Qh8+
Ke7 35. Rh7+ Bf7 36. Qg7 Qf8 37. Qxg6 R8b3 38. Nf5+ Ke8 39. Qxf6 Rxe2+ 40. Kg3
Rb7 41. Nd6+ Qxd6+ 42. Qxd6 Reb2 43. Rh8+ Bg8 44. Rxg8+ Kf7 45. Qg6+ Ke7 46.
Re8+ Kd7 47. Qe6+ Kc7 48. Rc8# 1-0

[Event "Women's Speed Chess Q3"]
[Site "chess.com INT"]
[Date "2021.05.30"]
[Round "1"]
[White "Li, Xueyi"]
[Black "Sikorova, Olga"]
[Result "0-1"]
[WhiteTitle "WGM"]
[BlackTitle "WGM"]
[WhiteElo "2328"]
[BlackElo "2215"]
[WhiteFideId "8605912"]
[BlackFideId "307033"]
[EventDate "2021.05.30"]

1. Nf3 Nf6 2. g3 g6 3. Bg2 Bg7 4. d4 O-O 5. c4 d6 6. Nc3 Nc6 7. O-O a6 8. b3 Bf5
9. Bb2 Ne4 10. Nh4 Nxc3 11. Bxc3 Bd7 12. e4 e5 13. Nf3 exd4 14. Nxd4 Qe7 15.
Nxc6 Bxc6 16. Bxg7 Kxg7 17. Re1 f6 18. Qc2 Rae8 19. h4 Qe5 20. Qd2 h6 21. Rad1
Qc5 22. Kh2 a5 23. f4 Re7 24. Bf3 Rfe8 25. Qg2 Qa3 26. h5 g5 27. e5 Bxf3 28.
Qxf3 fxe5 29. fxg5 hxg5 30. Qe4 Re6 31. Rd2 Rh8 32. g4 Rf6 33. Kg2 Qb4 34. Rde2
Rhf8 35. Rh1 Kh6 36. a4 b6 37. Qd5 Qxb3 38. Rhe1 Rf3 39. Qe6+ R8f6 40. Qe8 Rg3+
41. Kh2 Rh3+ 42. Kg1 Qg3+ 43. Rg2 Qxe1# 0-1

[Event "Women's Speed Chess Q3"]
[Site "chess.com INT"]
[Date "2021.05.30"]
[Round "1"]
[White "Socko, Monika"]
[Black "Varney, Zoe"]
[Result "1-0"]
[WhiteTitle "GM"]
[BlackTitle "WCM"]
[WhiteElo "2421"]
[BlackElo "1917"]
[WhiteFideId "1106619"]
[BlackFideId "436135"]
[EventDate "2021.05.30"]

1. g3 d5 2. Bg2 c6 3. d3 Nf6 4. Nf3 Nbd7 5. O-O e5 6. Nc3 Bd6 7. e4 O-O 8. Re1
d4 9. Bg5 dxc3 10. bxc3 h6 11. Bxf6 Nxf6 12. d4 Re8 13. Qd3 Bg4 14. Rad1 Bxf3
15. Bxf3 exd4 16. cxd4 Bb4 17. c3 Ba5 18. e5 Nd5 19. Rc1 Qb6 20. Re2 Rad8 21.
Kg2 Qc7 22. Rec2 Bb6 23. Qf5 g6 24. Qd3 Kh7 25. a3 a6 26. c4 Ne7 27. c5 Ba7 28.
Qb3 Nd5 29. Rb1 Rd7 30. Qc4 Red8 31. Rcb2 Qc8 32. Be4 Ne7 33. Rd2 Ng8 34. e6
fxe6 35. Qxe6 Rg7 36. Qc4 Qd7 37. Bf3 Qf7 38. d5 cxd5 39. Rxd5 Rxd5 40. Bxd5 Qf5
41. Rc1 b6 42. Be4 Qxc5 43. Qf1 Qe5 44. Qd3 Qf6 45. Rc6 Qf7 46. h4 b5 47. Qc2
Qf8 48. h5 Qe7 49. Bxg6+ Kh8 50. Qd2 Qf6 51. Rxf6 1-0

[Event "Women's Speed Chess Q3"]
[Site "chess.com INT"]
[Date "2021.05.30"]
[Round "1"]
[White "Petrova, Irina"]
[Black "Franco Valencia, Angela"]
[Result "1-0"]
[WhiteTitle "WIM"]
[BlackTitle "WIM"]
[WhiteElo "2110"]
[BlackElo "2089"]
[WhiteFideId "14124122"]
[BlackFideId "4403070"]
[EventDate "2021.05.30"]

1. e4 e5 2. Nf3 Nc6 3. Bb5 a6 4. Ba4 d6 5. O-O Bd7 6. d3 g6 7. c4 Bg7 8. Nc3 Nf6
9. Bg5 h6 10. Bh4 g5 11. Bg3 O-O 12. Bc2 Bg4 13. h3 Bh5 14. Re1 g4 15. hxg4 Bxg4
16. Ne2 Qd7 17. d4 Bxf3 18. gxf3 Qh3 19. d5 Ne7 20. Qd3 Ng6 21. Nc3 Nf4 22. Qf1
Qh5 23. Bxf4 exf4 24. Qg2 Kh8 25. Kf1 Rg8 26. Ke2 Nd7 27. Rh1 Qg6 28. Rag1 Qxg2
29. Rxg2 Ne5 30. b3 Rae8 31. Kf1 c6 32. Ne2 Ng6 33. Ke1 c5 34. Kd2 b5 35. Nc3
bxc4 36. bxc4 Rb8 37. Rgg1 Rb2 38. Rb1 Rgb8 39. Rxb2 Rxb2 40. Rb1 Rxb1 41. Nxb1
h5 42. Bd1 h4 43. Be2 h3 44. Bf1 h2 45. Bg2 Nh4 46. Bh1 Bd4 47. Ke2 Kg7 48. Nd2
Ng6 49. Nf1 Ne5 50. Nxh2 Nxc4 51. Ng4 1-0

[Event "Women's Speed Chess Q3"]
[Site "chess.com INT"]
[Date "2021.05.30"]
[Round "1"]
[White "Grigoryan, Meri"]
[Black "Pandey, Srishti"]
[Result "0-1"]
[WhiteTitle "WFM"]
[BlackTitle "WFM"]
[WhiteElo "2044"]
[BlackElo "2026"]
[WhiteFideId "13300571"]
[BlackFideId "35093290"]
[EventDate "2021.05.30"]

1. d4 e6 2. c4 Nf6 3. Nc3 c5 4. e3 cxd4 5. exd4 d5 6. Nf3 Be7 7. Be3 O-O 8. h3
b6 9. cxd5 Nxd5 10. Bd3 Bb7 11. O-O Bf6 12. Nxd5 Qxd5 13. Qb3 Qd7 14. Ne5 Bxe5
15. dxe5 Nc6 16. Rad1 Qe7 17. Bf4 Qh4 18. Bg3 Qh5 19. Be4 Na5 20. Qa4 Bxe4 21.
Qxe4 Rac8 22. Rd7 Rc4 23. Qd3 a6 24. Rd1 h6 25. Ra7 Rb4 26. b3 Nc6 27. Rxa6 Rd4
28. Qxd4 Nxd4 29. Rxd4 b5 30. Rd7 Qf5 31. Raa7 Qb1+ 32. Kh2 b4 33. Rdb7 Qe1 34.
Ra6 g5 35. Rab6 Kg7 36. Rxb4 Qd2 37. a4 h5 38. h4 gxh4 39. Bxh4 Qc3 40. Bg3 h4
41. Rxh4 Kg6 42. Rg4+ Kf5 43. Rf4+ Kg5 44. Rc7 Rh8+ 0-1

[Event "Women's Speed Chess Q3"]
[Site "chess.com INT"]
[Date "2021.05.30"]
[Round "1"]
[White "Antonova, Nadezhda"]
[Black "Perez Rodriguez, Jennifer"]
[Result "1-0"]
[WhiteTitle "WFM"]
[BlackTitle "WIM"]
[WhiteElo "1877"]
[BlackElo "2251"]
[WhiteFideId "14700182"]
[BlackFideId "3507831"]
[EventDate "2021.05.30"]

1. d4 Nf6 2. Nf3 e6 3. Nbd2 d5 4. e3 Bd6 5. Bd3 c5 6. c3 b6 7. O-O O-O 8. e4
dxe4 9. Nxe4 Bb7 10. Nxd6 Qxd6 11. dxc5 Qxc5 12. Be3 Qh5 13. Be2 Ng4 14. h3 Nxe3
15. fxe3 Qc5 16. Qd4 Qc6 17. Rad1 Na6 18. Qd6 Nc5 19. Qxc6 Bxc6 20. Nd4 Bb7 21.
Bf3 Bxf3 22. gxf3 Rac8 23. Kf2 Na4 24. Rd2 a6 25. Rfd1 b5 26. Nb3 Nb6 27. e4 Nc4
28. Re2 Rfd8 29. Rxd8+ Rxd8 30. Nd4 Kf8 31. f4 Rd7 32. b3 Nb6 33. Rd2 Na8 34.
Nxe6+ Ke7 35. Nd4 Nc7 36. Nf5+ Kd8 37. Rxd7+ Kxd7 38. Nxg7 Ne6 39. Nxe6 Kxe6 40.
Ke3 Kf6 41. Kd4 Kg6 42. Ke5 Kh5 43. f5 Kh4 44. Kf6 Kxh3 45. Kxf7 Kg3 46. e5 h5
47. e6 h4 48. e7 h3 49. e8=Q h2 50. Qh8 h1=Q 51. Qxh1 Kf4 52. Qf1+ 1-0

[Event "Women's Speed Chess Q3"]
[Site "chess.com INT"]
[Date "2021.05.30"]
[Round "1"]
[White "Bodnaruk, Anastasia"]
[Black "Dwilewicz, Katarzyna"]
[Result "0-1"]
[WhiteTitle "IM"]
[BlackTitle "WFM"]
[WhiteElo "2457"]
[BlackElo "2092"]
[WhiteFideId "4181751"]
[BlackFideId "1148486"]
[EventDate "2021.05.30"]

1. e4 c5 2. Nc3 e6 3. Nf3 Nc6 4. d4 cxd4 5. Nxd4 Qc7 6. Be2 a6 7. Be3 Nf6 8. O-O
Be7 9. f4 d6 10. Qe1 O-O 11. Kh1 Nxd4 12. Bxd4 b5 13. Qg3 Bb7 14. a3 Rad8 15.
Rae1 Rd7 16. Bd3 Re8 17. a4 b4 18. Na2 Qa5 19. b3 Bc6 20. c4 bxc3 21. Bxc3 Qb6
22. Bc2 Rc8 23. e5 dxe5 24. fxe5 Nh5 25. Qg4 g6 26. Rd1 Rxd1 27. Rxd1 Bf8 28.
Nb4 Bb7 29. Na2 Qf2 30. Bd3 Bd5 31. Nb4 Rxc3 32. Nxd5 exd5 33. Bxa6 Rc2 34. e6
fxe6 35. Qxe6+ Qf7 36. Qe5 Nf4 37. Rf1 Bh6 38. g3 Qf5 39. Qe8+ Bf8 0-1

[Event "Women's Speed Chess Q3"]
[Site "chess.com INT"]
[Date "2021.05.30"]
[Round "1"]
[White "Nomin-Erdene, Davaademberel"]
[Black "Novikova, Anna"]
[Result "1-0"]
[WhiteTitle "IM"]
[BlackTitle "WIM"]
[WhiteElo "2382"]
[BlackElo "2247"]
[WhiteFideId "4900782"]
[BlackFideId "4146794"]
[EventDate "2021.05.30"]

1. f4 d5 2. Nf3 e6 3. g3 c5 4. Bg2 Nc6 5. O-O Nf6 6. d3 Be7 7. c3 O-O 8. Qe1 d4
9. Na3 a6 10. Nc4 Rb8 11. Nce5 Nd5 12. Bd2 Bd7 13. Nxc6 Bxc6 14. cxd4 cxd4 15.
Ne5 Rc8 16. Rc1 Qb6 17. Nc4 Qd8 18. a3 Bf6 19. b4 Qe7 20. Ne5 Bxe5 21. fxe5 h6
22. Qf2 Rfd8 23. Qxd4 b5 24. Qf2 Bb7 25. d4 Rxc1 26. Rxc1 Qd7 27. e4 Rc8 28.
Rxc8+ Qxc8 29. exd5 exd5 30. h4 Qe6 31. Kh2 g6 32. Bh3 Qe7 33. Bxh6 Bc8 34. Bg5
Qe8 35. Bxc8 Qxc8 36. Bh6 Qe6 37. Qc2 Kh7 38. Bg5 Qg4 39. Qf2 Qe6 40. Qf6 Qd7
41. h5 gxh5 42. Qh6+ Kg8 43. Bf6 1-0

[Event "Women's Speed Chess Q3"]
[Site "chess.com INT"]
[Date "2021.05.30"]
[Round "1"]
[White "Balabayeva, Xeniya"]
[Black "Kiran, Manisha Mohanty"]
[Result "1-0"]
[WhiteTitle "WFM"]
[BlackTitle "WGM"]
[WhiteElo "2178"]
[BlackElo "2168"]
[WhiteFideId "13719688"]
[BlackFideId "5019575"]
[EventDate "2021.05.30"]

1. e4 c5 2. Nf3 d6 3. Bb5+ Nd7 4. Ba4 a6 5. c4 g6 6. O-O Bg7 7. Nc3 e6 8. Re1
Ne7 9. d4 O-O 10. Be3 b6 11. Qd2 Rb8 12. Rad1 Qc7 13. Bxd7 Qxd7 14. dxc5 bxc5
15. e5 Nf5 16. Bf4 Nd4 17. Nxd4 cxd4 18. Qxd4 Rxb2 19. Qxd6 Qxd6 20. Rxd6 Bb7
21. Red1 h6 22. h3 Rc2 23. Na4 Rxc4 24. R6d4 Rfc8 25. Nb6 Rxd4 26. Rxd4 Rc6 27.
Nc4 Kh7 28. Nd6 Rb6 29. Nxf7 Rb1+ 30. Kh2 Bd5 31. Kg3 g5 32. Be3 Bxe5+ 33. Nxe5
Kg7 34. a4 Kf6 35. Nf3 Ke7 36. h4 Bxf3 37. Kxf3 gxh4 38. Rxh4 Ra1 39. Rxh6 Ra3
40. Rh7+ Kf6 41. Ra7 Kf5 42. g4+ Kg6 43. Rxa6 Rxa4 44. Rxe6+ 1-0

[Event "Women's Speed Chess Q3"]
[Site "chess.com INT"]
[Date "2021.05.30"]
[Round "1"]
[White "Narva, Mai"]
[Black "Nanditha, V"]
[Result "1-0"]
[WhiteTitle "WIM"]
[BlackTitle "WCM"]
[WhiteElo "2276"]
[BlackElo "1666"]
[WhiteFideId "4500512"]
[BlackFideId "46626697"]
[EventDate "2021.05.30"]

1. e4 c6 2. d4 d5 3. f3 dxe4 4. fxe4 e5 5. Nf3 exd4 6. Bc4 Nf6 7. O-O Bc5 8. e5
Nd5 9. Nxd4 O-O 10. c3 Qe7 11. Re1 b5 12. Bxd5 cxd5 13. Bf4 Bf5 14. Kh1 Bxd4 15.
Qxd4 Rd8 16. Nd2 Nc6 17. Qf2 Qe6 18. Nf3 h6 19. Rad1 Rab8 20. b3 b4 21. cxb4
Rxb4 22. Bg3 Rg4 23. Rc1 d4 24. Red1 d3 25. Qc5 Nd4 26. Nxd4 Rdxd4 27. Rd2 Kh7
28. Rcd1 Qg6 29. Qxa7 Rde4 30. Qf2 Qh5 31. Rxd3 Bg6 32. R3d2 Rxg3 33. Qxg3 Rg4
34. Qf2 Qxe5 35. a4 Rh4 36. Qxh4 Qf5 37. Qf2 Qh5 38. b4 Qe5 39. b5 Qb8 40. b6
Qb7 41. a5 Qa6 42. Qc5 Be4 43. Qe5 f5 44. Rd7 Qe2 45. Qxg7# 1-0

[Event "Women's Speed Chess Q3"]
[Site "chess.com INT"]
[Date "2021.05.30"]
[Round "1"]
[White "Padmini, Rout"]
[Black "Nandhidhaa, P V"]
[Result "1-0"]
[WhiteTitle "IM"]
[BlackTitle "WGM"]
[WhiteElo "2370"]
[BlackElo "2365"]
[WhiteFideId "5029295"]
[BlackFideId "5050847"]
[EventDate "2021.05.30"]

1. e4 e5 2. Nf3 d5 3. d4 dxe4 4. Nxe5 Bd6 5. Nc4 Ne7 6. Nxd6+ cxd6 7. c4 O-O 8.
Nc3 Bf5 9. Bg5 h6 10. Be3 Nbc6 11. Be2 Bg6 12. O-O Re8 13. a3 Nf5 14. b4 Nxe3
15. fxe3 Qg5 16. Qd2 Ne7 17. Rf4 Nf5 18. Raf1 Nh4 19. Rg4 Qe7 20. Nd5 Qd8 21.
Qe1 Nf5 22. Qf2 h5 23. Rf4 Nh6 24. Nc3 Qd7 25. h3 Rac8 26. Nd5 Rf8 27. Bd1 Rfe8
28. Kh2 b5 29. Be2 bxc4 30. Nc3 d5 31. Qh4 a5 32. Bxh5 Bxh5 33. Qxh5 axb4 34.
axb4 Rb8 35. b5 Red8 36. Qe5 Qe8 37. Qxe8+ Rxe8 38. Nxd5 Rxb5 39. Nc7 Rbb8 40.
Nxe8 Rd8 41. Rc1 Rxe8 42. Rxc4 f5 43. Rc7 g5 44. Rf1 Ra8 45. Rb1 Nf7 46. Rbb7
Rf8 47. Re7 f4 48. exf4 gxf4 49. Rxe4 1-0

[Event "Women's Speed Chess Q3"]
[Site "chess.com INT"]
[Date "2021.05.30"]
[Round "1"]
[White "Swati, Mohota"]
[Black "Enkhtuul, Altan-Ulzii"]
[Result "0-1"]
[WhiteTitle "WFM"]
[BlackTitle "WGM"]
[WhiteElo "2027"]
[BlackElo "2228"]
[WhiteFideId "5006511"]
[BlackFideId "4901444"]
[EventDate "2021.05.30"]

1. d4 e5 2. dxe5 Nc6 3. Nf3 Qe7 4. e3 Nxe5 5. Be2 Nf6 6. O-O d5 7. c4 dxc4 8.
Nxe5 Qxe5 9. Bxc4 Be6 10. Bxe6 Qxe6 11. Qa4+ c6 12. Nc3 Bc5 13. Bd2 O-O 14. Rad1
b5 15. Qc2 Bb6 16. Bc1 a6 17. b3 c5 18. Bb2 Rfd8 19. Rxd8+ Rxd8 20. Rd1 Rxd1+
21. Qxd1 h6 22. g3 c4 23. bxc4 Qxc4 24. Qe2 Qc7 25. Kg2 Qb7+ 26. f3 b4 27. Na4
Bd8 28. e4 a5 29. Nc5 Qc6 30. Nb3 a4 31. Nd4 Qd6 32. Nf5 Qf8 33. Qc4 g6 34. Ne3
Kh7 35. Qb5 a3 36. Ba1 Qe7 37. Bxf6 Qxf6 38. Qxb4 Be7 39. Qb3 Qb2+ 40. Qc2 Bf6
41. f4 Bd4 42. Kf3 Bxe3 0-1

[Event "Women's Speed Chess Q3"]
[Site "chess.com INT"]
[Date "2021.05.30"]
[Round "1"]
[White "Zhai, Mo"]
[Black "Paehtz, Elisabeth"]
[Result "1-0"]
[WhiteTitle "WGM"]
[BlackTitle "IM"]
[WhiteElo "2366"]
[BlackElo "2456"]
[WhiteFideId "8600201"]
[BlackFideId "4641833"]
[EventDate "2021.05.30"]

1. d4 e6 2. c4 b6 3. Nc3 Bb4 4. Bd2 Bb7 5. Nf3 f5 6. g3 Bxf3 7. exf3 Nf6 8. Bg2
O-O 9. O-O d6 10. Qe2 Qd7 11. Rfe1 Re8 12. f4 Nc6 13. Qd3 Bxc3 14. Bxc3 d5 15.
Rad1 Rad8 16. a3 Ne4 17. h3 Ne7 18. Kh2 Nc8 19. Re2 Ncd6 20. b3 Qc6 21. Be1 h6
22. Rc2 Qd7 23. Rdc1 Rc8 24. Bb4 a5 25. Be1 a4 26. cxd5 exd5 27. Bb4 axb3 28.
Qxb3 c6 29. Bf1 Kh7 30. a4 Nf6 31. Bxd6 Qxd6 32. Qxb6 Ne4 33. Rxc6 Rxc6 34. Qxc6
Qb8 35. Qxd5 Qb2 36. Qxf5+ Kh8 37. Qg6 Qxf2+ 38. Bg2 Rf8 39. Qxe4 Qd2 40. Re1 h5
41. Qe7 Rg8 42. Re5 Qd1 43. Qf7 1-0

[Event "Women's Speed Chess Q3"]
[Site "chess.com INT"]
[Date "2021.05.30"]
[Round "1"]
[White "Ambartsumova, Karina"]
[Black "Tarasova, Viktoriya"]
[Result "1/2-1/2"]
[WhiteTitle "IM"]
[BlackTitle "WIM"]
[WhiteElo "2382"]
[BlackElo "2226"]
[WhiteFideId "4166299"]
[BlackFideId "4175840"]
[EventDate "2021.05.30"]

1. c4 Nf6 2. Nf3 e6 3. Nc3 d5 4. e3 b6 5. b3 Bb7 6. Bb2 Bd6 7. Be2 O-O 8. O-O
Nbd7 9. d4 Qe7 10. Rc1 a6 11. Re1 Ba3 12. Qc2 Bxb2 13. Qxb2 Rac8 14. Bf1 Rfe8
15. Ne5 dxc4 16. Nxd7 Qxd7 17. Bxc4 Nd5 18. Bf1 Qe7 19. Rcd1 Nxc3 20. Qxc3 Red8
21. e4 Qf8 22. Qg3 c5 23. dxc5 Qxc5 24. Rxd8+ Rxd8 25. h3 Qd6 26. e5 Qd5 27. h4
h6 28. Qe3 Qd4 29. Qc1 b5 30. Qc7 Rd7 31. Qc2 Qxh4 32. Qe2 Qd8 33. Qe3 Rd4 34.
Rc1 Rd7 35. Qc3 Qe7 36. a3 Kh7 37. b4 g6 38. Qg3 Kg7 39. Rc5 Rd1 40. Qe3 Qd7 41.
Rc1 Rxc1 42. Qxc1 Qd5 43. Qe1 Bc6 44. f3 Qd4+ 45. Kh2 Qf4+ 46. Kg1 Qd4+ 47. Kh2
Qb2 48. Kg1 Qxa3 49. Qh4 Qb2 50. Qf6+ Kf8 51. Qd8+ Kg7 52. Qf6+ Kg8 53. Qd8+ Kg7
54. Qf6+ 1/2-1/2

[Event "Women's Speed Chess Q3"]
[Site "chess.com INT"]
[Date "2021.05.30"]
[Round "1"]
[White "Bommini, Mounika Akshaya"]
[Black "Vantika, Agrawal"]
[Result "1-0"]
[WhiteTitle "WFM"]
[BlackTitle "WIM"]
[WhiteElo "2029"]
[BlackElo "2286"]
[WhiteFideId "25019872"]
[BlackFideId "25050389"]
[EventDate "2021.05.30"]

1. d4 Nf6 2. c4 g6 3. Nc3 Bg7 4. e4 d6 5. f4 O-O 6. Nf3 c5 7. d5 e6 8. dxe6 fxe6
9. Bd3 Nc6 10. O-O Nd4 11. Nxd4 cxd4 12. Nb5 e5 13. Qc2 a6 14. fxe5 dxe5 15. Na3
Be6 16. c5 Rc8 17. b4 Kh8 18. Bd2 Ng4 19. Bc4 Bd7 20. h3 Nf6 21. Bb3 Nh5 22. Nc4
Bb5 23. Rxf8+ Qxf8 24. Nd6 Rc7 25. Nxb5 axb5 26. Rf1 Nf4 27. Qd1 Qd8 28. Qg4 d3
29. Bxf4 exf4 30. Qxf4 Re7 31. Rd1 h6 32. Bd5 g5 33. Qf2 Qc7 34. Rxd3 Qe5 35.
Rf3 Qa1+ 36. Kh2 Be5+ 37. g3 Bg7 38. Kg2 Qe5 39. Rf5 Qc3 40. e5 Qxb4 41. Rf8+
Bxf8 42. Qxf8+ Kh7 43. Qxe7+ Kg6 44. Qf6+ Kh5 45. Bf3+ g4 46. Bxg4+ Qxg4 47.
hxg4+ Kxg4 48. e6 Kh5 49. Qf4 Kg6 50. e7 Kg7 51. e8=Q Kh7 52. Qff7# 1-0

[Event "Women's Speed Chess Q3"]
[Site "chess.com INT"]
[Date "2021.05.30"]
[Round "1"]
[White "Arpita, Mukherjee"]
[Black "Mendoza, Shania Mae"]
[Result "0-1"]
[WhiteTitle "WIM"]
[BlackTitle "WFM"]
[WhiteElo "2206"]
[BlackElo "2158"]
[WhiteFideId "5056403"]
[BlackFideId "5211158"]
[EventDate "2021.05.30"]

1. e4 e5 2. Nf3 Nc6 3. Bb5 a6 4. Ba4 Nf6 5. d3 b5 6. Bb3 Be7 7. O-O O-O 8. a4
Bb7 9. a5 d6 10. Nbd2 Nb8 11. Re1 Nbd7 12. c3 c5 13. Bc2 Re8 14. Nf1 Bf8 15. Ng3
g6 16. b4 Bg7 17. d4 Rc8 18. d5 h5 19. h4 Qc7 20. Bg5 cxb4 21. Rc1 bxc3 22. Ne2
b4 23. Bb3 Nc5 24. Bxf6 Bxf6 25. Ng5 Bxg5 26. hxg5 Nxe4 27. Bc2 Nc5 28. Ng3 b3
29. Bxb3 Nxb3 30. Qxb3 Rb8 31. Ne4 Kg7 32. Qxc3 Qxc3 33. Rxc3 Bxd5 34. Nxd6 Re6
35. Ne4 Bxe4 36. Rxe4 Rb1+ 37. Kh2 Ra1 38. Rc5 Ra2 39. Kg3 Rd6 40. Rexe5 Rdd2
41. Re7 Rxf2 42. Rcc7 Rxg2+ 43. Kh3 Rgf2 44. Ra7 Rxa5 45. Kg3 Rf1 46. Rec7 Rxg5+
47. Kh2 Rf2+ 48. Kh3 Rg4 49. Rxa6 Rf1 50. Kh2 Kh6 51. Raa7 f5 52. Rh7+ Kg5 53.
Rhg7 Kh4 54. Ra2 f4 55. Rc7 f3 56. Rc3 Rgg1 57. Ra4+ Kg5 58. Rc5+ Kh6 59. Ra6
Rg2+ 60. Kh3 Rh1# 0-1

[Event "Women's Speed Chess Q3"]
[Site "chess.com INT"]
[Date "2021.05.30"]
[Round "1"]
[White "Luong, Phuong Hanh"]
[Black "Zaichenko, Daria"]
[Result "0-1"]
[WhiteTitle "WIM"]
[BlackTitle "WFM"]
[WhiteElo "2229"]
[BlackElo "2104"]
[WhiteFideId "12401013"]
[BlackFideId "4197453"]
[EventDate "2021.05.30"]

1. d4 d5 2. c4 Nf6 3. Nf3 e6 4. g3 Be7 5. Bg2 O-O 6. O-O dxc4 7. Qc2 Nbd7 8.
Qxc4 Nb6 9. Qd3 Bd7 10. Nc3 Bc6 11. e4 Na4 12. Nxa4 Bxa4 13. Bf4 a6 14. Rac1 Bb5
15. Qe3 Bxf1 16. Bxc7 Qd7 17. Bxf1 Rac8 18. Ne5 Qa4 19. a3 h6 20. b4 a5 21. Bxa5
Rxc1 22. Qxc1 Nxe4 23. Bg2 f5 24. Ng6 Re8 25. Bxe4 fxe4 26. Qc7 Kf7 27. Ne5+ Kg8
28. Ng6 Qd1+ 29. Kg2 Qf3+ 30. Kg1 Qd1+ 31. Kg2 Qf3+ 32. Kh3 Qf5+ 33. g4 Qxg6 34.
Qe5 Bf6 35. Qb5 Rf8 36. Qxb7 Qg5 37. Qxe4 Qh4+ 38. Kg2 Bg5 39. f3 Kh8 40. Qxe6
Be7 41. b5 Qg5 42. Qe2 Bxa3 43. Bd2 Qd5 44. Bc3 Bd6 45. b6 Qc6 46. Qb2 Qxf3+ 47.
Kg1 Qf1# 0-1

[Event "Women's Speed Chess Q3"]
[Site "chess.com INT"]
[Date "2021.05.30"]
[Round "1"]
[White "Chu, Ruotong"]
[Black "Dordzhieva, Dinara"]
[Result "0-1"]
[WhiteTitle "WIM"]
[BlackTitle "WGM"]
[WhiteElo "2207"]
[BlackElo "2334"]
[WhiteFideId "8605653"]
[BlackFideId "24157570"]
[EventDate "2021.05.30"]

1. d4 Nf6 2. c4 e6 3. g3 d5 4. Bg2 dxc4 5. Qa4+ Nbd7 6. Nf3 a6 7. Ne5 Bd6 8.
Nxc4 O-O 9. Nxd6 cxd6 10. O-O d5 11. Nd2 b5 12. Qb3 Nb6 13. Qd3 Nc4 14. b3 Nxd2
15. Bxd2 Bd7 16. Rfc1 Re8 17. a4 Qb6 18. a5 Qb7 19. Bb4 Ne4 20. f3 Nf6 21. Rc2
Rac8 22. Rd1 Rxc2 23. Qxc2 Rc8 24. Qd3 Qc6 25. e4 dxe4 26. fxe4 Qc2 27. d5 exd5
28. Qxc2 Rxc2 29. exd5 h6 30. d6 Ng4 31. Bb7 Ne3 32. Re1 Nf5 33. Bxa6 Rb2 34.
Bc5 Ra2 35. Rc1 Rxa5 36. Bb7 Ra2 37. b4 h5 38. Bd5 Rd2 39. Be4 Nd4 40. Bxd4 Rxd4
41. Rc5 Rxd6 42. Rxh5 g6 43. Rc5 Rd4 44. Bc6 Bxc6 45. Rxc6 Rxb4 46. Rb6 Kg7 47.
h4 Rb2 48. Kf1 Kh6 49. g4 Kg7 50. Rb7 Rb4 51. g5 Rxh4 52. Rxb5 Rf4+ 53. Kg2 Rf5
54. Rb4 Rxg5+ 55. Kf3 Ra5 56. Kg4 Ra3 57. Rb6 Ra4+ 58. Kg5 Ra5+ 59. Kg4 f6 60.
Kg3 g5 61. Kg4 Ra4+ 62. Kf5 Rf4+ 63. Ke6 Kg6 0-1